Statistiques concernant Culture Générale - Série 263

Cliquez ici pour prendre le quiz!

Statistiques générales

  • Ce quiz a été pris 271 fois
  • Le résultat moyen est 5 sur 10

Statistiques - réponses

QuestionRéponse% Correct
Quelle ville française s'appelait Massalia pendant l'Antiquité ?Marseille
95%
Que signifie le premier R du sigle RER quand il désigne le métro en Ile-de-France ?Réseau
79%
Quel mois Charles Aznavour associe-t-il à Paris dans le titre d'une chanson de 1966 ?Août
73%
Sur quel pays le roi Farouk a-t-il régné de 1937 à 1952 ?L'Egypte
72%
Au restaurant, que mangez-vous si vous dégustez des praires ?Des coquillages
57%
Quel est le nom de famille de la Juanita chantée par Henri Salvador en 1966 ?Banana
38%
En botanique, quel adjectif qualifie le feuillage des arbres restant vert en hiver ?Persistant
36%
Dans le sketch de Raymond Devos, pour quelle ville veut-il prendre le car ?Caen
31%
Quel personnage Patrick MacNee joue-t-il dans la série "Chapeau melon et bottes de cuir" ?John Steed
30%
Avec la prison, sur quelle autre case du jeu de l'oie doit-on attendre d'être libéré ?Le puits
29%

Distribution des résultats

Percentile par nombre de réponses

% des personnes avec chaque résultat

Votre développement - résultats

Vous n’avez pas pris ce quiz